000 02702nam0a2200385 4500
001 RU\NLR\BIBL_A\012813995
005 20220907103701.0
010 _a978-5-00170-505-5
_9100
021 _aRU
_bКН-П-22-013534
_9КН-П-22-1159
035 _a(NLR Aleph) 012813995
035 _a(RuMoRGB)010999564
090 _a13217368
_c13217368
100 _a20220608d2022 u y0rusy50 ca
101 0 _arus
102 _aRU
105 _aa z 000ay
181 0 _ai3
_baxxe
181 0 _ab2
_bxb2e
182 0 _an
200 1 _aЗелёный лёд
_eсборник рассказов
_fОлег Севрюков
_g[художник: Г. Гуров]
203 _aТекст
_aИзображение
_bвизуальные
_cнепосредственные
210 _aМосква
_cУ Никитских ворот
_d2022
215 _a93, [2] с.
_cил.
_d21
320 _aДр. кн. авт. на 4-й с. обл.
327 0 _aСодерж.: Зазеркалье; Три плитки; Стена; Мотылёк и одеяло; Папа, Рыба и халат; Старый тополь; Ситуация; Золотая пыльца; Земеля; Фотография [и др.]
330 _aПроза Олега Севрюкова завораживает. Она легка, как полёт майского мотылька, изящна и во многих рассказах возвышенно-поэтична. Она привлекает нравственной чистотой автора и его глубокими философскими размышлениями, его удивительной наблюдательностью и желанием открыть перед читателями тот сокровенный мир, который они подчас не замечтают, или просто не задумываются о его существовании. Красной нитью через все рассказы Олега Севрюкова проходит мысль о том, как важно иметь в жизни твёрдые точки опоры, те основополагающие вещи, которые связывают наше настоящее с прошлым и выстраивают надёжный мостик в будущее
675 _a821.161.1-32
_v4
686 2 _aШ6(2=Р)8-440.5
700 1 _aСеврюков
_bО. Н.
_gОлег Николаевич
702 1 _aГуров
_bГ. Е.
_gГригорий Евгеньевич
_4040
942 _cBOOK
980 _aNB